| 000 | 00503nam a2200193Ia 4500 | ||
|---|---|---|---|
| 003 | OSt | ||
| 005 | 20250531102606.0 | ||
| 008 | 210210b1982 xxu||||| |||| 00| 0 eng d | ||
| 040 | _cAL | ||
| 041 | _aKannada | ||
| 082 | _aK894.3 NALH | ||
| 100 |
_aNALINIMURTI _dನಳಿನಿಮೂರ್ತಿ _9211986 |
||
| 245 |
_aHosa balu _b ಹೊಸ ಬಾಳು |
||
| 260 |
_aMaisuru _bPustaka Chilume _c1982 |
||
| 300 | _aii,83 | ||
| 690 |
_aKannada Fiction _9211987 |
||
| 906 | _a036399 | ||
| 942 |
_2ddc _cBK |
||
| 999 |
_c87037 _d87037 |
||